| 000 | 01032nam1a2200301 4500 | ||
|---|---|---|---|
| 001 | RU\NLR\BIBL_A\022430097 | ||
| 005 | 20250807185152.0 | ||
| 035 | _a(NLR Aleph) 022430097 | ||
| 090 |
_a83789 _c83789 |
||
| 100 | _a20250117d1941 c y0rusy50 ca | ||
| 101 | 0 | _akir | |
| 102 | _aKG | ||
| 105 | _aa j 000zy | ||
| 181 | 0 |
_ai _baxxe |
|
| 182 | 0 | _an | |
| 200 | 1 |
_aОкуу китеби _eбашталгыч мектептердин биринчи класстары үчүн _fКаримов К. жана Мамбеталиев Т. |
|
| 203 |
_aТекст _bвизуальный _cнепосредственный |
||
| 210 |
_aФрунзе _cКыргызмамбас _d1941- |
||
| 215 | _d23 | ||
| 541 | 1 |
_aКнига для чтения _zkir |
|
| 689 | 1 | _aШ163.25-94 | |
| 700 | 1 |
_aКаримов _bК. _4070 |
|
| 701 | 1 |
_aМамбеталиев _bТ. _4070 |
|
| 852 |
_aNLR _bОНЛ _jКирг./3-674 |
||
| 942 | _cBOOK | ||
| 945 | _aРоссийская национальная библиотека | ||
| 980 | _aBV | ||